| 000 | 00946nam a2200229 i 4500 | ||
|---|---|---|---|
| 001 | 151296 | ||
| 003 | ES-MaACL | ||
| 005 | 20230906203936.0 | ||
| 008 | 931025s1684 sp |||| |dspa d | ||
| 100 | 1 |
_aAbarca, Pedro, _d1619-1693 _917969 |
|
| 245 | 1 | 0 |
_aSegunda parte de los Anales históricos de los Reyes de Aragón / _cpor... Pedro Abarca de la Compañía de Iesus... |
| 260 |
_aEn Salamanca : _bpor Lucas Pérez..., _c1684. |
||
| 300 |
_a[6], 418, [8] h. ; _cFol. |
||
| 530 | _aDisponible en formato digital. | ||
| 597 | _aSign.: Sign.: ¶6, A-Z8, 2A-2Z8, 3A-3F8, 3G¹°. | ||
| 597 | _aTexto a dos col. | ||
| 651 | 4 |
_aAragón (Reino)- _xHistoria. _97791 |
|
| 740 | 0 | 2 | _aAnales históricos de los Reyes de Aragón. |
| 852 |
_aES-MaACL _jR-150-51 _z- Enc. piel no original de la época _x Olim: C-12852-53 |
||
| 856 |
_uhttp://bdh-rd.bne.es/viewer.vm?id=0000092526&page=1 _zBiblioteca Digital Hispánica |
||
| 999 |
_c151296 _d151296 |
||